Statistiques concernant Gare française par ville

Cliquez ici pour prendre le quiz!

Statistiques générales

  • Ce quiz a été pris 477 fois
  • Le résultat moyen est 15 sur 26

Statistiques - réponses

GareVille française% Correct
MontparnasseParis
100%
Saint-LazareParis
96%
BercyParis
96%
NordParis
95%
AusterlitzParis
94%
EstParis
94%
LyonParis
93%
Part-DieuLyon
92%
FlandresLille
87%
Saint-CharlesMarseille
83%
PerracheLyon
79%
EuropeLille
71%
MatabiauToulouse
65%
Saint-JeanBordeaux
64%
Franche-ComtéBesançon
55%
Sud-de-FranceMontpellier
46%
Saint-RochMontpellier
43%
Saint-LaudAngers
31%
ChambordBlois
28%
BénédictinsLimoges
28%
ViotteBesançon
23%
ChâteaucreuxSaint-Etienne
22%
NormandieEvreux
19%
Le RevardAix-les-Bains
15%
Ville-BourbonMontauban
14%
Saint-GervaisAuxerre
6%

Distribution des résultats

Percentile par nombre de réponses

% des personnes avec chaque résultat

Votre développement - résultats

Vous n’avez pas pris ce quiz